Turčiansky Sv. Martin pohľad na časť Martina a na Malú Fatru

Zobrazenie: V bielom orámovaní pohľad na časť Martina v popredí a v pozadí na zasnežené vrcholky Malej Fatry

Bibliographic Details
Format: Postcard
Language:Slovak
PhysicalDescription:1 pohľadnica čiernobiela 9 x 14 cm
Published: [Turčiansky Sv. Martin] [Neografia, úč. spolok] [1948?]
Subjects:

MARC

LEADER 00000nkm a2200000 a 4500
001 vtls011973986
003 SK-MaSNL
005 20260512122521.0
007 kp bo
008 231120q1948 xo g kuslo
015 |a SNBG1948 
035 |a urn:nbn:sk:snk-km00efeu 
035 |a urn:nbn:sk:snk-km43dlt 
035 |a B37A155E-A675-4C00-8F83-F968D5FF1DB4 
040 |a SNK  |b slo  |c SNK  |e AACR2 
041 0 |a slo 
043 |a e-xo--- 
044 |a xo  |c SK 
072 7 |a 913  |x Regionálna geografia  |2 konspekt 
080 |a 913(437.6)  |2 2011 
080 |a 551.24.055(234.372.4)  |2 2011 
080 |a (084.121)  |2 2011 
080 |a 908(437.6)  |2 2011 
245 0 0 |a Turčiansky Sv. Martin  |h grafika  |b pohľad na časť Martina a na Malú Fatru 
246 3 3 |a Turčiansky Svätý Martin  |b pohľad na časť Martina a na Malú Fatru 
260 |a [Turčiansky Sv. Martin]  |b [Neografia, úč. spolok]  |c [1948?] 
300 |a 1 pohľadnica  |b čiernobiela  |c 9 x 14 cm 
520 8 |a Zobrazenie: V bielom orámovaní pohľad na časť Martina v popredí a v pozadí na zasnežené vrcholky Malej Fatry 
650 0 7 |a vrchy a štíty  |2 SNKPH  |9 165131 
651 7 |a Malá Fatra (Slovensko : pohorie)  |2 SNKPHgeo  |9 56372 
651 7 |a Martin (Slovensko)  |2 SNKPHgeo  |9 16875 
655 7 |a miestne pohľadnice  |2 SNKPH  |9 70510 
655 7 |a geografické pohľadnice  |2 SNKPH  |9 70522 
752 |a Slovensko  |d Martin 
852 |a Slovenská národná knižnica 
954 |a pohľadnice pôvodné (slovenské)  |2 lita 
958 |a GC 
958 |a OND 
958 |a GBN 
958 |a EUIPO 
999 |c 608066  |d 609996 
952 |a SNK  |b SNK  |y PREZ  |7 0  |p 17A1379901  |o snkSP 83414  |z Pohľadnica prešla poštou.  |0 0  |1 0  |4 0  |d 2020-06-15  |f 1  |l 0  |r 2026-02-23 16:14:34  |w 2026-02-23